000
00323nam a2200157Ia 4500
100
_a
Kalam/Abdul APJ
650
_a
General
942
_c
BK
654
_a
2020
245
_a
India 2020:A vision for the millennium
260
_b
Viking
_c
1998
082
_a
920
_b
KAL
300
_a
312
546
_a
ENGLISH
999
_c
24224
_d
24224